| 000 | 00460nam a2200133 a 4500 | ||
|---|---|---|---|
| 001 | 000037143 | ||
| 005 | 20200930080152.0 | ||
| 008 | 120217s1966 mx ac 000 0 spa d | ||
| 040 |
_aDO-SdBNP _bspa _cBNPHU |
||
| 082 |
_axxxx _bE56 |
||
| 245 | 0 | 3 |
_aEl encalado de los suelos : _bauxiliar para el mejor cultivo. |
| 260 |
_aMéxico : _bCentro Regional de Ayuda Técnica : _bAgencia Para el Desarrollo Internacional (A.I.D), _c1966. |
||
| 300 |
_a33 p. : _bils. ; _c24 cm. |
||
| 999 |
_c36633 _d36633 |
||